Control por UC. de un servomotor
محفوظ في:
| المؤلف الرئيسي: | |
|---|---|
| التنسيق: | كتاب |
| منشور في: |
[San José , Costa Rica]
1982
|
| الوسوم: |
إضافة وسم
لا توجد وسوم, كن أول من يضع وسما على هذه التسجيلة!
|
MARC
| LEADER | 00000nam a2200000Ia 4500 | ||
|---|---|---|---|
| 003 | 002065 | ||
| 005 | 20221231144423.0 | ||
| 008 | 140114s1982 c a nm 000 ||s d | ||
| 040 | |c cru CEDI | ||
| 090 | |a TFG 1242 | ||
| 100 | |a Lechtman K, Salomón |9 15493 | ||
| 245 | |a Control por UC. de un servomotor | ||
| 260 | |c 1982 |a [San José , Costa Rica] | ||
| 300 | |a 57 [51]hojas | ||
| 500 | |a A la Cabeza de la portada. Universidad de Costa Rica. Facultad de Ingeniería. Escuela de Ingeniería Eléctrica. Proyecto eléctrico I | ||
| 942 | |c TFG | ||
| 999 | |c 21622 |d 21622 | ||
